000 00679nam a2200145Ia 4500
008 100204s9999 xx 000 0 und d
082 _b13210
100 _aबंड श्याम
245 _a"लोककथा ( मनोरंजक , अदभूत , चित्तथरारक ) भाग - 2"
260 _b"ऋचा प्रकाशन, नागपूर"
_c1990
300 _a80
630 _a"लोककथा ( मनोरंजक , अदभूत , चित्तथरारक ) भाग - 2"
730 _a"लोककथा ( मनोरंजक , अदभूत , चित्तथरारक ) भाग - 2"
942 _cBOOK
999 _c457642
_d457639